<The> use of Individual Quotas in Fisheries Management OECD Documents

Salvato in:
Dettagli Bibliografici
Natura: Libro
Lingua:inglese
Pubblicazione: Paris OECD 1993
Edizione:1. ed.
Soggetti:
Tags: Aggiungi Tag
Nessun Tag, puoi essere il primo ad aggiungerne!!

MARC

LEADER 00000nam a2200000 4500
001 c004168
005 20221214083814.3
020 |a 92-64-13940-0 
041 0 |a eng 
044 |a FR 
245 1 0 |a <The> use of Individual Quotas in Fisheries Management  |b OECD Documents 
250 |a 1. ed. 
264 1 |a Paris  |b OECD  |c 1993 
300 |a 221 s. 
610 2 0 |a priemysel rybný 
610 2 0 |a rybárstvo 
610 2 0 |a kvóty 
610 2 0 |a riadenie 
610 2 0 |a Fínsko 
610 2 0 |a Taliansko 
610 2 0 |a Nový Zéland 
610 2 0 |a Austrália 
610 2 0 |a Aljaška 
610 2 0 |a Island 
610 2 0 |a Kanada 
610 2 0 |a Nórsko 
610 2 0 |a Japonsko 
610 2 0 |a Poľsko